000
00319nam a2200145Ia 4500
100
_a
Smith/Dennis
650
_a
General
942
_c
BK
654
_a
Report From Engine Co.82
245
_a
Report From Engine Co.82
260
_b
Pocket Books
_a
New York
_c
1973
082
_a
813
300
_a
246
546
_a
ENGLISH
999
_c
33655
_d
33655